Türkiye ekonomisi 1995 (Record no. 4689)

MARC details
000 -BAŞLIK
Sabit Uzunlukta Kontrol Alanı 00679na a2200217 4500
001 - KONTROL NUMARASI
Denetim Alanı 17639
003 - KONTROL NUMARASI IDENTIFIER
Denetim Alanı MIRAKIL
005 - SON İŞLEM TARİHİ VE ZAMANI
Denetim Alanı 20181213155014.0
008 - SABİT-BOY VERİ ELEMANLARI - GENEL BİLGİLER
Sabit Uzunlukta Kontrol Alanı 161031b tu 000 0
040 ## - KATALOGLAMA KAYNAK
Orijinal Kataloglama Ajansı Milas
Kataloglama Dili tur
Metne Dönüştürmek Ajansı TR-AnCHP
041 ## - DİL KODU
Metin / Ses Parça Veya Ayrı Başlığın Dil Kodu tur
082 ## - DEWEY ONLU SINIFLANDIRMA NUMARASI
Sınıflandırma Numarası 330.956
Ürün Numarası Ç54t 1996
090 ## - SINIFLAMA NUMARASI
Sınıflama Numarası 330.956 Ç54t 1996
100 ## - ANA GİRİŞ - KİŞİSEL İSİM
Kişisel Ad Çiller, Tansu
245 ## - BAŞLIK TABLOSU
Başlık Türkiye ekonomisi 1995
Sorumluluk Tablosu, Vb Tansu Çiller
260 ## - YAYIN, DAĞITIM, VB
Yayın, Dağıtım, Vb Yeri Ankara
Yayıncı, Dağıtıcı, Vs Adı Başbakanlık Basımevi
Yayın, Dağıtım, Vb Tarihi 1996
300 ## - FİZİKSEL TANIM
Kapsam 38 s.
Diğer Fiziksel Ayrıntıları tbl. ; grf. ; res.
Boyutlar 20 sm.
500 ## - GENEL NOT
Genel Not Başbakan Prof. Dr. Tansu Çiller'in basın toplantısında kullandığı grafik, tablo ve konuşma metni
650 ## - KONU KATMA GİRİŞ - TOPİKAL DÖNEM
Topikal Süreli Veya Coğrafi Ad Giriş Elemanı Ekonomi
Aktif Tarihleri 1995
Coğrafi Alt Bölümü Türkiye
942 ## - EKLENDİ GİRİŞ ELEMANLARI (KOHA)
Sınıflandırma Veya Raf Düzeni Kaynak
Koha Öğesi Türü Books
999 ## - SİSTEM KONTROL NUMARALARI (KOHA)
Koha Biblionumber 4689
Koha Biblioitemnumber 4689
Holdings
Kalıcı Konum Mevcut Konum Edinme Tarihi Edinim Kaynak Toplam Check-Out'Lar Tam Çağrı Numarası Barkod Tarih Son Görülme İtibaren Geçerli Fiyatlar Koha Öğesi Türü
CHP Kütüphanesi CHP Kütüphanesi 10/31/2016 Bağış   330.956 Ç54t 1996 005939 10/31/2016 10/31/2016 Books